000 00605nam a2200193Ia 4500
005 20260120124633.0
008 008 260114s9999 xx 000 0 eng d
020 _a9780762308019
037 _aEBOOK
040 _aCRL
_beng
_cCRL
041 _aeng
_2eng
084 _qCRL
245 0 _aIntergenerational Ambivalences: New Perspectives on Parent-Child Relations in Later Life
260 _bEmerald Publishing
_c2003
700 _aKarl A. Pillemer
_9908670
856 _uhttps://www.emerald.com/insight/publication/doi/10.1016/S1530-3535(2003)4
942 _cEBOOK
999 _c1500572
_d1500572